LDR 00781naa#a2200181#i#450# 001 EN\\bibl\121815 005 20260607144103.7 011 ## _a2658-638X 100 ## _a20251215b2025####ek#y0engy0150####ca 102 ## _aRU 200 1# _aTHE IMPACT OF REGULAR PHYSICAL TRAINING ON THE PSYCHOLOGICAL STATE AND PROFESSIONAL EFFECTIVENESS OF LAW ENFORCEMENT OFFICERS _eJournal article 210 1# _aMoscow _cMoscow University of the Ministry of Internal Affairs of Russia named after V.Ya. Kikot _d2025 215 ## _a3 с. 608 ## _aJournal article _2local 675 ## _aНародное образование. Воспитание. Обучение. Организация досуга. 37 _z 700 #1 _aBychkov _gVadim Mihaylovich 700 #1 _aKornyuhin _gViktor Viktorovich 856 4# _amosumvd.editorum.ru _u